| 000 | 01812nam1a2200349 4500 | ||
|---|---|---|---|
| 001 | rc\3043560 | ||
| 005 | 20250831000522.0 | ||
| 035 | _a(NLR Aleph) 007183429 | ||
| 090 |
_a88848 _c88848 |
||
| 100 | _a20111006d1945 u y0rusy50 ca | ||
| 101 | 0 | _arus | |
| 102 | _aRU | ||
| 105 | _ay z ||||| | ||
| 200 | 1 |
_aЗаконодательные акты Петра I _eРедакции и проекты законов, заметки, доклады, доношения, челобитья и иностр. источники. Т. I- _fН.А. Воскресенский _gПод ред. и с предисл. Б.И. Сыромятникова _gАкад. наук СССР. Ин-т права |
|
| 210 |
_aМосква _cизд-во и 1-я типолитогр. Изд-ва Акад. наук СССР _d1945 _eЛенинград |
||
| 215 | _d26 см | ||
| 300 | _aНа переплете автор не указан | ||
| 606 | 1 |
_aПраво _xИсточники _yРоссия _jДокументы и материалы _2nlr_sh1 _2nlr_sh2 _3RU\NLR\AUTH\66333219 |
|
| 607 |
_aРоссия _xИстория _z1682 - 1725 _jДокументы и материалы _2nlr_sh2 _3RU\NLR\AUTH\661535187 |
||
| 689 | 1 | _aТ3(2)462,011 | |
| 689 | 1 | _aХ2(2)46-3,011 | |
| 700 | 1 |
_aВоскресенский _bН.А. _f1889-1948 _gНиколай Алексеевич |
|
| 702 | 1 |
_aСыромятников _bБ.И. _4340 |
|
| 801 | 0 |
_aRU _bNLR _gpsbo |
|
| 801 | 1 |
_aRU _bELAR _2rusmarc |
|
| 852 |
_aNLR _jИр30 Г-7/2 |
||
| 852 |
_aNLR _bМф _jК1/30745 |
||
| 942 | _cBOOK | ||
| 945 |
_aРоссийская национальная библиотека _aЦентральная городская библиотека Нижнего Новгорода |
||
| 980 | _aBV | ||
| 980 | _aNB | ||